[Event "ROM-ch U10"]
[Site "Calimanesti"]
[Date "2018.03.30"]
[Round "5"]
[White "Coicev, Matei Andrei"]
[Black "Iancu, Cezar Stefan"]
[Result "1-0"]
[WhiteElo "1069"]
[BlackElo "1001"]
[PlyCount "81"]
[EventDate "2018.03.27"]
[EventType "swiss"]
[EventRounds "9"]
[EventCountry "ROU"]
[SourceTitle "CBM 183 Extra"]
[Source "ChessBase"]
[SourceDate "2018.04.19"]
[SourceVersion "1"]
[SourceVersionDate "2018.04.19"]
[SourceQuality "1"]

1. e4 e5 2. Nf3 Nc6 3. Bc4 h6 4. 0-0 Nf6 5. d3 Bc5 6. Be3 Bb6 7. Nc3 d6 8. Qe2 Nd4 9. Bxd4 exd4 10. Nb5 a6 11. Nbxd4 Bxd4 12. Nxd4 c5 13. Nf5 0-0 14. Ne3 Re8 15. Qd2 b5 16. Bb3 a5 17. a3 a4 18. Ba2 Be6 19. Bxe6 fxe6 20. f4 Nd7 21. f5 e5 22. Nd5 Nf6 23. Nc3 Qa5 24. Nb1 Qxd2 25. Nxd2 d5 26. exd5 Nxd5 27. Ne4 Ne3 28. Rf2 Rac8 29. Nd6 Ng4 30. Re2 Rcd8 31. Nxe8 Rxe8 32. h3 Nf6 33. Rae1 Nd7 34. c3 Rf8 35. g4 h5 36. Rb1 c4 37. dxc4 bxc4 38. Rd1 Nc5 39. Rxe5 Nd3 40. Rb1 hxg4 41. hxg4 1-0